00887nam a2200205Ia 4500003000900000008004100009020001800050040001600068080002100084111009500105245023600200260006100436300001400497490003300511650004100544650002200585650002200607700002700629710002500656IN-BaIIA211028s9999 xx 000 0 eng d a0-937707-39-2 cIIA Library a082.2:52bASP-20 aSymposium in Celebration of the Fiftieth Anniversary of McDonald ObservatorycAustind1989 0aFrontiers of stellar evolutionbproceedings of a symposium in celebration of the fiftieth anniversary of McDonald observatory of the University of Texas, Austin, 1989cedited by David L. Lambert  aSan FranciscobAstronomical Society of the Pacificc1991 aiv, 626p. aASP conference series; v. 20 aAstronomy and Astrophysics Thesaurus aStellar evolution aStellar structure aLambert, David L., ed. aMcDonald observatory